ბათუმის შოთა რუსთაველის სახელმწიფო უნივერსიტეტის ბიბლიოთეკა

მექანიზმებისა და მანქანების თეორია ნაწ. l : სახელმძღვ. / (ბიბ.ჩანაწერი № 37402)

000 -ლიდერი
ფიქსირებული სიგრძის საკონტროლო ველი 00924nam a2200217Ia 4500
001 - საკონტროლო ნომერი
საკონტროლო ველი 3361
003 - საკონტროლო ნომრის იდენტიფიკატორი
საკონტროლო ველი GE_BSU
005 - ბოლო ოპერაციის თარიღი და დრო
საკონტროლო ველი 20190605205340.0
008 - ფიქსირებული სიგრძის მონაცემთა ელემენტები - ზოგადი ინფორმაცია
ფიქსირებული სიგრძის საკონტროლო ველი 181216s1968||||ge |||||||||||||| ||geo||
040 ## - კატალოგიზაციის წყარო
Transcribing agency GE_BSU
041 ## - ენის კოდი
Language code of text/sound track or separate title geo
080 ## - უნივერსალური ათობითი კლასიფიკაციის ინდექსი
Universal Decimal Classification number 621.01(075.8) თ–20
100 ## - მთავარი ჩანაწერი - პიროვნების სახელი
Personal name თავხელიძე, დ.
9 (RLIN) 914
245 ## - ცნობა სათაურის შესახებ
Title მექანიზმებისა და მანქანების თეორია ნაწ. l : სახელმძღვ. /
Statement of responsibility, etc დ.თავხელიძე ; რედ : ჩ. გურგენიძე.
264 ## - წარმოების, გამოცემის, დისტრიბუციის და სხვა ცნობები
გამოცემის, წარმოების, დისტრიბუციის... ადგილი თბილისი :
გამოცემის, წარმოების, დისტრიბუციის... სახელწოდება განათლება,
გამოცემის, წარმოების, დისტრიბუციის... თარიღი 1968.
300 ## - ფიზიკური აღწერა
Extent 253 გვ .:
Dimensions 22 გვ.
653 ## - INDEX TERM--UNCONTROLLED
Uncontrolled term მექანიზმების თეორია
653 ## - INDEX TERM--UNCONTROLLED
Uncontrolled term მანქანების თეორია
700 ## - ADDED ENTRY--PERSONAL NAME
Personal name გურგენიძე, დ
Relator term რედაქტორი
9 (RLIN) 2207
942 ## - ADDED ENTRY ELEMENTS (KOHA)
Koha item type წიგნი
Source of classification or shelving scheme
ეგზემპლარები
ჩამოწერის სტატუსი დაკარგული ეგზემპლარის სტატუსი კლასიფიკაციის წყარო ან თაროზე გაწყობის სქემა დაზიანების სტატუსი არ გაიცემა მუდმივი მდებარეობა (დაცვის ადგილი) ამჟამინდელი ადგილსამყოფელი თაროზე განთავსების ადგილი შეძენის თარიღი ღირებულება, შესყიდვის ნორმალური ფასი სრული შენახვის შიფრი შტრიხკოდი ბოლო ოპერაციის თარიღი ეგზემპლარის მიმდევრობითი ნომერი (კეტერი?) ფასის ძალაში შესვლის თარიღი ეგზემპლარის სახეობა საჯარო შენიშვნა
          ტექნოლოგიური ფაკულტეტის ბიბლიოთეკა ტექნოლოგიური ფაკულტეტის ბიბლიოთეკა წიგნსაცავი 2018-12-17 2.00 621.01(075.8) თ–20 10518 2018-12-17 10518 2018-12-17 წიგნი 2 ლ. 40 თ.
          ტექნოლოგიური ფაკულტეტის ბიბლიოთეკა ტექნოლოგიური ფაკულტეტის ბიბლიოთეკა წიგნსაცავი 2018-12-17 2.00 621.01(075.8) თ–20 10519 2018-12-17 10519 2018-12-17 წიგნი 2 ლ. 40 თ.
          ტექნოლოგიური ფაკულტეტის ბიბლიოთეკა ტექნოლოგიური ფაკულტეტის ბიბლიოთეკა წიგნსაცავი 2018-12-17 2.00 621.01(075.8) თ–20 10520 2018-12-17 10520 2018-12-17 წიგნი 2 ლ. 40 თ.
          ტექნოლოგიური ფაკულტეტის ბიბლიოთეკა ტექნოლოგიური ფაკულტეტის ბიბლიოთეკა წიგნსაცავი 2018-12-17 2.00 621.01(075.8) თ–20 10521 2018-12-17 10521 2018-12-17 წიგნი 2 ლ. 40 თ.
          ტექნოლოგიური ფაკულტეტის ბიბლიოთეკა ტექნოლოგიური ფაკულტეტის ბიბლიოთეკა წიგნსაცავი 2018-12-17 2.00 621.01(075.8) თ–20 10522 2018-12-17 10522 2018-12-17 წიგნი 2 ლ . 40 თ.